00421nmm a2200133Ia 4500008004100000020001800041041000800059100002000067245003300087264008400120300001800204650001400222856005100236251105s9999||||xx |||||||||||||||||und|| a9788497709521 aspa aHerrero, José 0aLa reina que no quiso reinar a[Madrid, España] :bVision Libros, c[Fecha de publicación no identificada] a224 páginas aBiography uhttps://public.digitaliapublishing.com/a/89062